000 00574nam a2200217 a 4500
999 _c6950
_d6950
001 6950
003 BD-JhCC
005 20181112134017.0
008 180203s1967 p a|||| || | 000 0 eng d
035 _a(BD-JhCC)6950
040 _aBD-JhCC
_dBD-JhCC
041 _aeng
082 _a954.04
_bAHM 1967
100 _aAhmed, Gulzar
245 _aPakistan Meets Indian Challenge /
_cGulzar Ahmed,
260 _aPakistan :
_bAl Mukhtar Publishers,
_c1967
300 _a226 p. :
_c22 cm.
650 _aIndia-Pakistan Conflict (1965) /
942 _2ddc
_cBK
_02